000 01023naa a22002777a 4500
001 BR8204861
003 BR-BrBNA
005 20240918175145.0
007 ta
008 230509b bl.||||| |||| 00| 0 por d
040 _aBR-BrBNA
_bpor
_cBiblioteca Nacional de Agricultura
041 _a(Pt)
072 _aF28
_b/G514
090 _aF28 BR8204861
100 1 _aAlvim, P. de T.
111 1 _a3. Congresso Brasileiro de Conservacao do Solo
_cBrasilia, DF (Brazil)
_d27-31 Oct 1980
245 1 _aProblemas agroecologicos - realidades e mitos [conservacao do solo, Brasil]
260 3 _aBrasilia, DF (Brasil):
_c1982.
500 _aAnais do 3. Congresso Brasileiro de Conservacao do Solo Brasilia, DF (Brasil): 1982. p. 35-105 (BR8204861-AM)F28
650 _aCONSERVACAO DO SOLO
650 _aPESQUISA
650 _aENSINO
773 0 _tAnais do 3. Congresso Brasileiro de Conservacao do Solo
_wF28 BR8204861
_gBrasilia, DF (Brasil), 1982. p. 35-105
909 _a202404
_bLucia
_c55
_dLucia Elande
942 _cAM
_2AGRIS
999 _c315307
_d315307